Statistics for Name the Virus

Click here to take the quiz!

General Stats

  • This quiz has been taken 30,704 times
    (15,540 since last reset)
  • The average score is 14 of 20

Answer Stats

HintDisease% Correct
Virus that started in December 2019 in Wuhan, China. Probably came from bats.Coronavirus
98%
Uncurable STD that was almost always fatal until the invention of the "cocktail"HIV
90%
Hemorrhagic fever that broke out in West Africa in 2014Ebola
87%
Caused by animal bites, it is nearly always fatal unless quickly treated by a vaccineRabies
78%
Nearly everybody over the age of 25 had it as a child. As an adult, it can re-emerge as shingles.Chicken Pox
77%
Nickname of the flu that killed about 3% of the world's population in 1918-19{Spanish} Flu
75%
Jonas Salk created the vaccine for this paralytic disease in 1955. It will hopefully be eradicated
by the end of the decade.
Polio
74%
Causes cold soresHerpes simplex
74%
Killed 299 people in Hong Kong in 2002 and 2003, and also probably came from batsSARS
74%
Once nearly eradicated in the first world due to vaccines, it is having
a resurgence among anti-vaxxers
Measles
73%
The only infectious disease to be eliminated in humansSmallpox
72%
Group of five unrelated viruses (A, B, C, D, and E) which cause liver problemsHepatitis
70%
Another mosquito-borne tropical virus. Far less common than the above, it has a
much higher mortality rate (about 15%).
{Yellow} Fever
67%
Also called H5N1, this virus has caused much worry but not much loss of life{Bird} Flu
67%
Easily prevented by vaccination. Causes painful swelling of the salivary glands.Mumps
63%
Along with the two above, this virus is prevented by the MMR vaccineRubella
55%
Virus that can cause babies to be born with small headsZika
48%
Mosquito-borne tropical virus that strikes at least 50 million people yearly, killing about 25,000{Dengue} Fever
44%
STD that is usually benign but can cause warts and also cervical cancer.
At least 25% of adults are infected.
HPV
43%
Mosquito-borne infection named for a river in AfricaWest Nile
36%

Score Distribution

Percentile by Number Answered

Percent of People with Each Score

Your Score History

You have not taken this quiz since the last reset